[Event "Villamaria op 2nd"]
[Site "Villamaria"]
[Date "2016.07.04"]
[Round "6"]
[White "Gonzalez, Walter"]
[Black "Alzate, Jorge"]
[Result "0-1"]
[WhiteElo "1723"]
[BlackElo "2238"]
[PlyCount "86"]
[EventDate "2016.07.02"]
[EventType "swiss"]
[EventRounds "7"]
[EventCountry "COL"]
[SourceTitle "CBM 173 Extra"]
[Source "ChessBase"]
[SourceDate "2016.08.29"]
[SourceVersion "1"]
[SourceVersionDate "2016.08.29"]
[SourceQuality "1"]

1. Nc3 d5 2. e4 d4 3. Nce2 c5 4. Ng3 g6 5. Bc4 Bg7 6. Nf3 Nc6 7. 0-0 e6 8. d3 Nge7 9. a3 Qd6 10. Ne1 e5 11. f4 Be6 12. Bxe6 Qxe6 13. f5 Qd6 14. Qg4 h5 15. Qh3 h4 16. Nh1 gxf5 17. exf5 Bf6 18. Nf2 Nd5 19. Ne4 Qe7 20. c4 dxc3 21. bxc3 0-0-0 22. c4 Nf4 23. Bxf4 exf4 24. Ra2 Bd4+ 25. Kh1 Be3 26. Nc3 Qe5 27. Nd5 Rxd5 28. cxd5 Qxd5 29. Re2 Nd4 30. Rxe3 fxe3 31. Qxe3 h3 32. Qe4 hxg2+ 33. Nxg2 Qd6 34. Rf4 Nc6 35. h4 Rd8 36. Ne1 Kd7 37. f6 Re8 38. Qf5+ Kc7 39. Nf3 Re3 40. Rc4 Kb6 41. Rc3 Re2 42. Rc1 Nd4 43. Rb1+ Kc7 0-1